| 000 | 00000nam 2200000za 4500 |
| 001 | 9.631416 |
| 003 | CaOODSP |
| 005 | 20230503123604 |
| 007 | cr ||||||||||| |
| 008 | 150407|2004||||xxc|||||o f|0| 0 fre d |
| 020 | |a0-662-76550-8 |
| 040 | |aCaOODSP|bfre |
| 043 | |an-cn--- |
| 086 | 1 |aT48-40/2004F-PDF |
| 110 | 2 |aCentre de deĢveloppement des transports (Canada) |
| 245 | 10|aImpact des véhicules lourds sur la sécurité aux passages à niveau : |h[ressource électronique]|bdéveloppement d'un outil de conception adapté - sommaire de projet |
| 260 | |aMontréal - Québec : |bTransports Canada. |c2004. |
| 300 | |a4p.|bill. en couleur |
| 500 | |aLe n° de catalogue (T48-40/2004) et l’ ISBN (0-662-68159-2) assignés à l'édition imprimée bilingue ont été incorrectement copiés dans cette édition électronique. |
| 590 | |a04-35|b2004-08-27 |
| 691 | 07|aSécurité routière|2gcpds |
| 775 | 08|tImpact of heavy vehicles on crossing safety : |w(CaOODSP)9.686952 |
| 776 | 0#|tImpact of heavy vehicles on crossing safety : |w(CaOODSP)9.665473 |
| 776 | 0#|tImpact des véhicules lourds sur la sécurité aux passages à niveau : |w(CaOODSP)9.665474 |
| 795 | |tImpact des véhicules lourds sur la sécurité aux passages à niveau : |b2003|w(CaOODSP)9.922131 |
| 856 | 40|ahttp://publications.gc.ca|qPDF|s212 Ko|uhttps://publications.gc.ca/collections/Collection/T48-40-2004F.pdf |